| 000 | 01205nam a22002177a 4500 | ||
|---|---|---|---|
| 999 |
_c59662 _d59662 |
||
| 003 | Ge_BSU | ||
| 005 | 20230330104702.0 | ||
| 008 | 230330s2018 ge ||||| |||| 00| 0 geo d | ||
| 020 | _a9789941273926 | ||
| 041 | _ageo | ||
| 080 | _a94(47+57)"1941-1945"(092)(479.22) ა-14 | ||
| 100 |
_aაბაშიძე, შალვა _913018 |
||
| 245 |
_aომისა და შრომის გმირები აჭარიდან : _b[კრებული] / _cშალვა აბაშიძე ; რედაქტორი რეზო მსხილაძე. |
||
| 264 |
_aბათუმი, _c2018. |
||
| 300 |
_a196 გვ. : _bფოტ. ; _c20 სმ. |
||
| 504 | _aბიბლიოგრაფია ტექსტის შენიშვნებში და გვ. 192-193. | ||
| 653 | _aდიდი სამამული ომის ქართველი გმირები | ||
| 653 | _aშრომის ქართველი გმირები. გამოჩენილ ქართველთა ბიოგრაფიები | ||
| 700 |
_aმსხილაძე, რეზო _eრედაქტორი _917366 |
||
| 942 |
_2udc _cBK |
||